| 000 | 00502nam a2200181Ia 4500 | ||
|---|---|---|---|
| 008 | 230917s9999||||xx |||||||||||||| ||und|| | ||
| 020 | _cRS225 | ||
| 040 |
_e245958 _aMAIN |
||
| 041 | _aEnglish | ||
| 082 | _a519.2 N191P(2) | ||
| 100 | _aNatarajan, A M | ||
| 245 | 0 | _aProbability, random processes and queueing theory | |
| 250 | _a2nd ed. | ||
| 260 |
_aNew Delhi _bNew Age International _c2009 |
||
| 300 | _axi, 466 p. | ||
| 500 | _a3047 23/02/2018 HBD18/7300 28/02/2018 Main Budget | ||
| 942 | _cBK | ||
| 999 |
_c26080 _d26080 |
||